Les personnages de Fast and Furious 7 - Statistiques

Statistiques générales
  • Ce quiz a été pris 116 fois
  • Le résultat moyen est 10 sur 18
Statistiques - réponses
Hint Réponse % Correct
Après s'être débarrassé de 13 dans le film précédent, il doit faire face à 14, bien décidé à se venger. Dom
97%
Retrouve la mémoire à la fin du film en se remémorant son mariage avec 1 en République Dominicaine. Letty
93%
Accepte d'aider 1 une dernière fois, avant de se retirer à la fin du film pour se consacrer à sa vie de père. Brian
91%
Présent à l'enterrement de Han, il essaie de détourner l'attention pendant la fête du prince jordanien pour que l'équipe puisse faire le travail. Roman
85%
Se bat au début du film contre 14, mais termine à l'hôpital. Il en ressort à la fin du film lorsqu'il voit l'équipe en difficulté. Hobbs
83%
En retrait pendant la mission pour s'occuper de son fils. Mia
80%
Egalement présent lors de l'enterrement de Han, il éjecte 6 de l'avion au-dessus des montagnes du Caucase. Tej
75%
Aide 8 lors de son combat, puis reste au chevet de ce dernier lorsqu'il est à l'hôpital. Elena
63%
Pour venger son frère, il tue Han à Tokyo, il traque l'équipe de 1 en faisant exploser la maison de 2 et 4, puis en envoyant 8 à l'hôpital. Il s'en prend également à l'équipe dans les montagnes du Caucase, à la fête d'Abu Dhabi mais aussi à Los Angeles. Deckard Shaw
59%
Fait la course contre 1 à Tokyo, puis lui donne les affaires de Han. Sean
56%
Miraculeux survivant à la fin du 6e film, et dans un lit d'hôpital au début du film, il va se faire venger par 14. Owen Shaw
52%
Créatrice de l'œil de Dieu, qui le refourgue à 18. Elle est également recherchée par 15. Ramsey
49%
Présent aux Races Wars au début du film, il prend une droite par 3. Hector
44%
Agent du gouvernement américain, qui veut mettre la main sur l'œil de Dieu afin qu'il ne tombe pas entre de mauvaises mains. Pour cela, il fait appel à l'équipe de 1 pour se charger de ce travail. M.Personne
37%
Mercenaire qui convoite l'œil de Dieu, programme informatique de traçage créé par 17. C'est un allié de circonstances de 14, qu'il n'hésitera pas à trahir lorsque l'opportunité de tuer 1 se présente. Jakande
15%
Refourgue l'œil de Dieu à un prince jordanien. Safar
15%
Bras droit de 11, qui se fait tuer lors d'une tentative d'appréhension de 14 par l'équipe de mercenaires dirigés par 15. Sheppard
7%
Homme de main de 15, très doué en arts martiaux, et qui se bat plusieurs fois contre 2. Kiet
3%
Aucun quiz correspondant
Distribution des résultats
% des personnes avec chaque résultat
Percentile par nombre de réponses
Votre historique - résultats
Vous n’avez pas pris ce quiz